| 000 | 00607cam a22002171 4500 | ||
|---|---|---|---|
| 001 | ca 36000102 | ||
| 003 | DLC | ||
| 005 | 20260227111139.0 | ||
| 008 | 791212s1936 maua 000 0 eng | ||
| 010 | _aca 36000102 | ||
| 035 | _a(OCoLC)5786024 | ||
| 040 |
_aDLC _cOCl _dDLC |
||
| 042 | _apremarc | ||
| 050 | 0 | 0 |
_aPN6120.A5 _bS4557 |
| 082 | _a812.5 | ||
| 100 | 1 | _aSeller, Thomas. | |
| 245 | 1 | 0 |
_aWar! _bA satire in one act. _cBy Thomas Seller. |
| 260 |
_aBoston, Mass., _aLos Angeles, Cal. _b[Walter H. Baker company, _cc1936] |
||
| 300 |
_a25 p. _bdiagr. _c19 cm. |
||
| 490 | 0 | _aBaker's plays for amateurs | |
| 999 |
_c17983 _d17983 |
||